| 000 | 005450000a22001810004500 | ||
|---|---|---|---|
| 003 | MACL | ||
| 005 | 20160504112357.0 | ||
| 008 | 160504b xxu||||| |||| 00| 0 eng d | ||
| 040 |
_aMACL _cMACL |
||
| 041 | _aHindi | ||
| 082 | _a800 MUK | ||
| 100 |
_aमुक्तनाद, सहमत _955072 |
||
| 245 |
_aगोलवलकर या भगतंसिंह _cसहमत - मुक्तनाद |
||
| 260 | _aनई दिल्ली | ||
| 350 | _a60 | ||
| 650 |
_aLiterature _955073 |
||
| 942 |
_cHIN _k800/MUK/L _2ddc |
||
| 999 |
_c22437 _d22437 |
||